Ryder Cup Captains Since 1999 - Statistics

General Stats
  • This quiz has been taken 64 times
  • The average score is 13 of 24
Answer Stats
Year Golfer % Correct
2023,2025 Luke Donald
96%
2025 Keegan Bradley
86%
2012 José María Olazábal
82%
2008 Nick Faldo
74%
2010 Colin Montgomerie
68%
2012,2016 Davis Love III
66%
2014 Tom Watson
66%
2020 Pádraig Harrington
62%
2023 Zach Johnson
62%
2018 Jim Furyk
60%
2016 Darren Clarke
54%
2018 Thomas Bjørn
54%
2006 Ian Woosnam
52%
2004 Bernhard Langer
48%
2014 Paul McGinley
48%
2008 Paul Azinger
44%
2002 Sam Torrance
44%
2021 Steve Stricker
42%
1999 Ben Crenshaw
32%
2010 Corey Pavin
30%
2006 Tom Lehman
30%
2004 Hal Sutton
26%
1999 Mark James
22%
2002 Curtis Strange
20%
No matching quizzes found
Score Distribution
Percent of People with Each Score
Percentile by Number Answered
Your Score History
You have not taken this quiz